UBT Library

Economic information, decision, and prediction : (Record no. 1116)

000 -LEADER
fixed length control field 00814nam a22002657a 4500
008 - FIXED-LENGTH DATA ELEMENTS--GENERAL INFORMATION
fixed length control field 150714b xxu||||| |||| 00| 0 eng d
020 ## - INTERNATIONAL STANDARD BOOK NUMBER
International Standard Book Number 9027705240
020 ## - INTERNATIONAL STANDARD BOOK NUMBER
International Standard Book Number Volume I: 9027705445
020 ## - INTERNATIONAL STANDARD BOOK NUMBER
International Standard Book Number Volume II: 9027705453
020 ## - INTERNATIONAL STANDARD BOOK NUMBER
International Standard Book Number Volume III: 9027705461
041 0# - LANGUAGE CODE
Language code of text/sound track or separate title eng
080 ## - UNIVERSAL DECIMAL CLASSIFICATION NUMBER
Universal Decimal Classification number 658.4
100 1# - Rafti
Rafti Marschak, Jacob,
100 1# - Rafti
-- 1898-1977.
245 10 - TITLE STATEMENT
Title Economic information, decision, and prediction :
Statement of responsibility, etc Jacob Marschak.
260 ## -
-- Dordrecht ;
-- Boston :
-- D. Reidel,
-- 1974.
300 ## -
-- 362 f. :
-- me il. ;
-- 23 cm.
490 1# -
-- Theory and decision library ;
-- v. 7
505 ## -
-- Index of names: f. 356-358
505 ## -
-- Index of subjects: f.359-362
650 #0 -
-- Marrja e vendimeve
650 #0 -
-- Organizimi
650 #0 -
-- Ekonomi
650 #0 -
-- Matrmatike
942 ## - ADDED ENTRY ELEMENTS (KOHA)
Source of classification or shelving scheme
Item type Books
Holdings
Withdrawn status Lost status Source of classification or shelving scheme Damaged status Not for loan Collection code Permanent location Current location Shelving location Date acquired Total Checkouts Full call number Date last seen Price effective from Koha item type
          Koleksioni i përgjithshem UBT - Prishtine UBT - Prishtine Koleksioni i përgjithshem 07/14/2015   658.4 MAR 07/14/2015 07/14/2015 Books
UBT Library © 2015-2024. All rights reserved University Education for Business and Technology